| 000 | 01424nam a2200349Ia 4500 | ||
|---|---|---|---|
| 001 | ebr10661591 | ||
| 003 | CaPaEBR | ||
| 006 | m u | ||
| 007 | cr cn||||||||| | ||
| 008 | 100812s2011 nyua sb 001 0 eng d | ||
| 010 | _z 2010031188 | ||
| 020 | _z9781611221060 | ||
| 020 | _z9781617614705 (pbk.) | ||
| 040 |
_aCaPaEBR _cCaPaEBR |
||
| 035 | _a(OCoLC)847201535 | ||
| 050 | 1 | 4 |
_aQK495.L74 _bF64 2011eb |
| 082 | 0 | 4 |
_a633.8/5 _222 |
| 100 | 1 | _aFofana, Bourlaye. | |
| 245 | 1 | 0 |
_aFlax lipids _h[electronic resource] : _bclasses, biosynthesis, genetics and the promise of applied genomics for understanding and altering of fatty acids / _cBourlaye Fofana, Sylvie Cloutier, and Raja Ragupathy. |
| 260 |
_aNew York : _bNova Science Publishers, _cc2011. |
||
| 300 |
_a49 p. : _bill. |
||
| 490 | 0 | _aBiotechnology in agriculture, industry and medicine | |
| 504 | _aIncludes bibliographical references (p. [31]-43) and index. | ||
| 533 |
_aElectronic reproduction. _bPalo Alto, Calif. : _cebrary, _d2013. _nAvailable via World Wide Web. _nAccess may be limited to ebrary affiliated libraries. |
||
| 650 | 0 | _aFlax. | |
| 650 | 0 | _aLinseed oil. | |
| 655 | 7 |
_aElectronic books. _2local |
|
| 700 | 1 | _aCloutier, Sylvie. | |
| 700 | 1 | _aRagupathy, Raja. | |
| 710 | 2 | _aebrary, Inc. | |
| 856 | 4 | 0 |
_uhttp://site.ebrary.com/lib/rucke/Doc?id=10661591 _zAn electronic book accessible through the World Wide Web; click to view |
| 999 |
_c170345 _d170345 |
||